=LDR 00000nam 2200000 4500 =001 INLIS000000000038868 =005 20140321093848.0 =006 =007 =008 ind =035 ##$$a 0010-061300000038868 =041 ##$$a ind =082 ##$$a 813 =090 ##$$a 813, Haw d.1 =100 ##$$a HOWARO,Linda =245 ##$$a Dusta putih/Linda howard;Alih bahasa,Nur anggaraini =260 ##$$a Jakarta$bGramedia Pustaka Utama$c2006 =300 ##$$a 306 Hlm, 18 Cm =650 ##$$a FIKSI =850 ##$$a NBPNMAT =990 ##$$a 90983/BPAP-NTB/2014 =990 ##$$a 93060/BPAP-NTB/2014 =990 ##$$a 93061/BPAP-NTB/2014 =990 ##$$a 93755/BPAP-NTB/2014